000 00582nam a22002297a 4500
003 UA-OsUOA
001 48078
007 ta
008 20070829b un ||||| |||| 00| 0 ukr d
100 _aПлеханов Г.В.
090 _a821.161.1
_bП38
942 _cBK
040 _aUA-OsUOA
_brus
_cUA-OsUOA
_dUA-OsUOA
245 _aЛитература и эстетика
300 _a612 с.
955 _a3
041 _arus
080 _a821.161.1
260 _aМ.
_c1958
650 7 _a82 Література. Літературознавство
_2UDC
999 _c334177
_d334177